| 000 | 00702nam a2200205 a 4500 | ||
|---|---|---|---|
| 001 | 000038579 | ||
| 005 | 20201002031313.0 | ||
| 008 | 130415s2010 xxu 000 0 spa d | ||
| 020 | _a9781616052430 | ||
| 040 |
_aDO-SdBNP _bspa _cBNPHU |
||
| 100 | 1 |
_aBetancourt, Ingrid _957177 |
|
| 240 | 1 | 0 |
_aMeme le silence a une fin _lEspañol |
| 245 | 1 | 0 |
_aNo hay silencio que no termine / _cIngrid Betancourt ; traducción del francés por María Mercedes Correa y Mateo Cardona. |
| 250 | _a2a ed. | ||
| 260 |
_aMiami, Estados Unidos, _c2010. |
||
| 300 |
_a710 p. ; _c23 cm. |
||
| 500 | _aTraducido del idioma francés | ||
| 700 | 1 |
_aMercedes Correa, María _etr. _964918 |
|
| 700 | 1 |
_aCardona, Mateo _etr. _964919 |
|
| 999 |
_c38069 _d38069 |
||